000 00720cam a22002533a 4500
001 31127
003 PGUSA
005 20140828083655.0
008 100130s2010||||xxu|||||s|||||000 | eng d
040 _aPGUSA
_beng
042 _adc
050 4 _aND
050 4 _aDJ
100 1 _aLugt, Frits,
_d1884-1970
245 1 0 _aRembrandt's Amsterdam
_h[electronic resource] /
_cFrits Lugt
260 _bProject Gutenberg,
_c2010
506 _aPublic domain in the USA.
516 _aElectronic text
653 _aAmsterdam (Netherlands) -- Pictorial works
653 _aRembrandt Harmenszoon van Rijn, 1606-1669
830 0 _aProject Gutenberg
_v31127
856 4 0 _uhttp://www.gutenberg.org/ebooks/31127
942 _cEB
999 _c260382
_d260382